000 00741nam a2200241 i 4500
001 bg
245 0 0 _aZbiór zadań z matematyki /
_cpod red. Ryszarda Krupińskiego ; [aut. Stanisław Klekowski et al. ; Akademia Morska w Szczecinie].
250 _aWyd. 5 popr. i uzup.
260 _aSzczecin :
_bAkademia Morska,
_c2005.
300 _a517, [1] s. ;
_c24 cm.
650 4 _aMatematyka
650 4 _aĆwiczenia i zadania dla szkół wyższych
700 1 _aKrupiński, Ryszard.
_eRed.
700 1 _aKlekowski, Stanisław.
015 _aPB 3235/2006
020 _a8389901072
040 _cBPK
041 0 _apol
080 _a51(075.8)(076)
920 _a83-89901-07-2
942 _cKS
008 s pl f |000 0 pol
999 _c52108
_d52108
856 _uhttp://koha.tu.koszalin.pl/cgi-bin/koha/opac-detail.pl?biblionumber=52108
_yKatalog online BPK